The Fortune of Survival - Intermarried German Jews in the Dying Breath of the ‘Thousand-Year Reich’

Titel: The Fortune of Survival - Intermarried German Jews in the Dying Breath of the ‘Thousand-Year Reich’ / Maximilian Strnad
Verfasser:
In: Dapim, Band 29, Heft 3 (2015), Seite 173-196
alle Artikel anzeigen
Veröffentlicht: 2015
Umfang: 3 Tabellen
Format: Aufsatz
Sprache: Englisch
Schlagworte:
Kein Bild verfügbar
X
alg: 42844721
001A    $03025:12-04-18 
001B    $06050:27-12-18 $t14:05:33.000 
001C    $03025:12-04-18 $t15:02:26.000 
001D    $03025:12-04-18 
001U    $0utf8 
001X    $00 
002@    $0Oou 
002C    $aText $btxt $2rdacontent 
002D    $aComputermedien $bc $2rdamedia 
002E    $aOnline-Ressource $bcr $2rdacarrier 
003@    $042844721X 
004P    $010.1080/23256249.2015.1082806 
007A    $042844721X $aHEB 
010@    $aeng 
010E    $erda 
011@    $a2015 
021A    $aThe @Fortune of Survival - Intermarried German Jews in the Dying Breath of the ‘Thousand-Year Reich’ $hMaximilian Strnad 
028A    $BVerfasser $4aut $7159909228 $8Strnad, Maximilian$Z1976- [Tp3] $926572127X 
031A    $d29 $e3 $h173-196 $j2015 
034M    $a3 Tabellen 
039B    $aEnthalten in $8--Obvc--. Dapim. - London {[u.a.] : Routledge, Taylor & Francis Group, 2009-2018. - Online-Ressource. - ISSN 2325-6257 $x201500000290003827 $9334611822 
044K    $RJudenverfolgung $RNationalsozialistisches Verbrechen $RVernichtungslager $#Holocaust, Jewish (1939-1945) $#Shoah $#Holocausto judío (1939-1945) $#Endlösung $#Holocaust $#Holokaust $#Judenfrage Endlösung $#Schoah $#Shoah $#Shoʾah $#Shoa $#Drittes Reich Judenvernichtung $#Šô'ā $#Juden Vernichtung $74073091-8 $8Judenvernichtung [Ts1] $9085205818 
044K    $#OT $75097779-9 $8Organisation Todt [Tb1] $9045099618 
044K    $RVerbannung $RVerschleppung $RDeportierter $RWeibliche Deportierte $#Deportation $#Expulsion des étrangers $#Déportation $#Deportation $74011467-3 $8Deportation [Ts1] $9085023345 
044K    $REhe $#Interfaith marriage $#Intermarriage $#Mariage interreligieux $#Mariage mixte $#Matrimonio misto $#Matrimonio mixto $#Mischehe $#Gemischte Ehe $#Interkonfessionelle Ehe $#Konfessionsverschiedene Ehe $#Religionsverschiedene Ehe $#Mischehen $74125565-3 $8Mischehe [Ts1] $9085423750 
045R    $aGeschichte 1933-1945 
045T    $aJUDAICA $qDE-30 $2FID 

lok: 42844721 78

exp: 42844721 78 1 #EPN
201B/01 $012-04-18 $t15:02:44.000 
201C/01 $012-04-18 
201U/01 $0utf8 
203@/01 $01021043478 
208@/01 $a12-04-18 $be 
209A/01 $a/ $f000 $x00 
209A/01 $ab*p $x01 
209A/01 $aBetr. u.a. auch Breslau und Theresienstadt $x03 
220C/01 $apgar 
244Z/01 $#Generalgouvernement Polen $#Polska $#Rzeczpospolita Polska $#Polska Rzeczpospolita Ludowa $#Poland $#Pologne $#République Polonaise $#Generalne Gubernatorstwo w Polsce $#Polish People's Republic $#Polska Rzeczpospolita Polen $#PRL $#RP $#Polen Generalgouvernement $#Polska Generalgouvernement $#Besetzte Polnische Gebiete $#Besetztes Gebiet in Polen $#Okupowane Polskie Obszary $#Obszary Okupowane w Polsce $#Volksrepublik Polen $#Polska Rosyjska $#Republic Polen $#Respublika Pol'ša $#Pol'skaja Narodnaja Respublika $#République de Pologne $#Polen Links der Weichsel $#Polska po Lewej Stronie Wisły $#Lenkija $#Polija $#Gubernija Carstva Pol'skago $#Republik Polen $74046496-9 $8--Tg1--Polen $x01 $9085129801 
244Z/01 $#Schlesien $#Schlesien $#Herzogtum Schlesien $#Herzogtum Schlesien Schlesien $#Provinz Schlesien $#Śla̜sk $#Slezsko $#Silesia $74052678-1 $8--Tg1--Schlesien $x02 $9085146781 
244Z/01 $#Böhmische Kronländer $#Länder der Böhmischen Krone $#Sudetenland $#Böhmen $#Mähren $#Mährisch-Schlesien $#Österreichisch-Schlesien $#Tschechische Sozialistische Republik Böhmische Länder $#Tschechei Böhmische Länder $#Země koruny české $74069573-6 $8--Tg1--Böhmische Länder $x03 $9085195553 
244Z/01 $#Breslau $#Wrocław $#Wrotizla $#Breßlau $#Breßlaw $#Vroclav $#Vratislav $#Vratislavia $#Vratislauiae $#Bresslau $#Wratislavia $#Brassel $#Bresla $#Wratislava $#Smirna $#Breslavia $#Wroclaw $74008216-7 $8--Tg1--Breslau $x04 $9085014184 
244Z/01 $#KZ Theresienstadt $#Konzentrationslager Flossenbürg, Außenkommando Theresienstadt $#Getto Theresienstadt $74135801-6 $8--Tb1--Konzentrationslager Theresienstadt $x05 $9085502456 
247C/01 $82080>Marburg/Lahn, Herder-Institut, Forschungsbibliothek, Bibliographieportal $9336309341
LEADER 00000caa a2200000 c 4500
001 42844721X
003 DE-603
005 20181227140533.0
007 cr||||||||||||
008 180412s2015 xx |||| o| u00||u|eng c
024 7 |a 10.1080/23256249.2015.1082806  |2 doi 
035 |a (DE-599)HEB42844721X 
040 |a DE-603  |b ger  |c DE-603  |d DE-603  |e rda 
041 |a eng 
084 |a JUDAICA  |q DE-30  |2 fid 
100 1 |a Strnad, Maximilian  |d 1976-  |e Verfasser  |4 aut  |0 (DE-603)26572127X  |0 (DE-588)159909228  |2 gnd 
245 0 0 |a ˜Theœ Fortune of Survival - Intermarried German Jews in the Dying Breath of the ‘Thousand-Year Reich’  |c Maximilian Strnad 
264 0 |c 2015 
300 |b 3 Tabellen 
336 |a Text  |b txt  |2 rdacontent 
337 |a Computermedien  |b c  |2 rdamedia 
338 |a Online-Ressource  |b cr  |2 rdacarrier 
610 1 7 |a Organisation Todt  |2 gnd  |0 (DE-588)5097779-9  |0 (DE-603)045099618 
648 7 |a Geschichte 1933-1945  |2 gnd 
650 7 |a Judenvernichtung  |0 (DE-588)4073091-8  |0 (DE-603)085205818  |2 gnd 
650 7 |a Deportation  |0 (DE-588)4011467-3  |0 (DE-603)085023345  |2 gnd 
650 7 |a Mischehe  |0 (DE-588)4125565-3  |0 (DE-603)085423750  |2 gnd 
773 0 8 |i Enthalten in  |t Dapim  |d London ˜[u.a.] œ: Routledge, Taylor & Francis Group, 2009-2018  |h Online-Ressource  |x 2325-6257  |g Band 29, Heft 3 (2015), Seite 173-196  |w (DE-603)334611822  |w (DE-600)2746198-1 
924 1 |9 2080  |a (DE-603)1021043478  |b DE-2080  |c HES  |d d  |g /